| 000 | 00659nam a2200229Mi 4500 | ||
|---|---|---|---|
| 001 | 63422 | ||
| 005 | 20230411090020.0 | ||
| 008 | 990101s1938 xx 000 0 und d | ||
| 035 | _a(OCoLC)ocn250885643 | ||
| 040 |
_aGyGoGBV _erakwb _bger _cGBVCP |
||
| 024 | 8 | _aSBRT2870523 | |
| 035 | _a(OCoLC)250885643 | ||
| 049 | _aGRAL | ||
| 110 | _aRecopilado de algunos artículos publicados en la prensa de varios países americanos. | ||
| 245 | 0 | 0 |
_aFrancisco Hermogenes Rivero : _bun viejo cinico |
| 260 |
_aSanto Domingo , _c |
||
| 300 | _a39p | ||
| 700 | 1 | _aRivero, Francisco Hermógenes. | |
| 942 |
_2lcc _cbk |
||
| 946 | _aclperez | ||
| 994 |
_aC0 _bDRFGD |
||
| 999 |
_c110953 _d110953 |
||